| 000 | 01871nam0a2200349 4500 | ||
|---|---|---|---|
| 001 | RU\NLR\bibl\929195 | ||
| 005 | 20250614192201.0 | ||
| 021 |
_aRU _b2006-9377 _9454 |
||
| 035 | _a(NLR Aleph) 000917434 | ||
| 090 |
_a78255 _c78255 |
||
| 100 | _a20060410d2005 |||y0rusy50 ca | ||
| 101 | 0 | _arus | |
| 102 | _aRU | ||
| 105 | _aa ||||||||| | ||
| 200 | 1 |
_aЧастотный метод исследования математических моделей продольных нелинейных нестационарных аэродинамических сил и моментов _fКолин И.В., Марков В.Г., Суханов В.Л., Трифонова Т.И. |
|
| 210 |
_aМосква _cИздательский отдел ЦАГИ _d2005 |
||
| 215 |
_a57 с. _cил. _d29 |
||
| 225 | 1 |
_aПрепринт _fФедер. гос. унитар. предприятие "Центр. аэрогидродинам. ин-т им. проф. Н.Е. Жуковского", ФГУП "ЦАГИ" _vN 143 |
|
| 313 | _aдинамика полета самолета | ||
| 320 | _aБиблиогр.: с. 56-57 (13 назв.) | ||
| 606 | 1 |
_aСамолеты _xДинамика полета _xМатематическое моделирование _xЧастотные методы _92422570 _3RU\NLR\auth\661442595 |
|
| 686 | _aО53-015с116 | ||
| 701 | 1 |
_aКолин _bИ. В. _4070 |
|
| 701 | 1 |
_4070 _7ca _8rus _aМарков _bВ. Г. _cавиаконструктор _gВиктор Георгиевич _9270944 _3RU\NLR\AUTH\770271000 |
|
| 701 | 1 |
_4070 _7ca _8rus _aСуханов _bВ. Л. _cканд. техн. наук _gВалерий Леонидович _9213594 _3RU\NLR\AUTH\770213650 |
|
| 701 | 1 |
_aТрифонова _bТ. И. _4070 |
|
| 801 | 0 |
_aRU _bNLR _c20060410 _grcr |
|
| 801 | 1 |
_aRU _bNLR _c20060410 |
|
| 942 | _cBOOK | ||
| 980 | _aNB | ||